Relaciones sociedad-estado (Record no. 4520)

MARC details
000 -LEADER
campo de control de longitud fija 01473njm a2200313 i 4500
001 - NÚMERO DE CONTROL
campo de control 4520
003 - IDENTIFICADOR DE NÚMERO DE CONTROL
campo de control ES-MaACL
005 - FECHA Y HORA DE LA ÚLTIMA TRANSACCIÓN
campo de control 20250622053041.0
007 - CAMPO FIJO DE DESCRIPCIÓN FÍSICA--INFORMACIÓN GENERAL
campo de control de longitud fija s|r|||||||||||
008 - DATOS DE LONGITUD FIJA--INFORMACIÓN GENERAL
campo de control de longitud fija 041130s1981 sp ||| g ||||||||1|nspa d
100 1# - ENTRADA PRINCIPAL--NOMBRE DE PERSONA
Nombre de persona González Seara, Luis.
9 (RLIN) 58964
245 10 - MENCIÓN DEL TÍTULO
Título Relaciones sociedad-estado
Medio [Grabación sonora]
Resto del título : (ideologías, estructuras social, nueva moral, ciudadanía) /
Mención de responsabilidad, etc. intervienen Luis González Seara, Ignacio Sotelo y Luis García San Miguel.
260 ## - PUBLICACIÓN, DISTRIBUCIÓN, ETC.
Lugar de publicación, distribución, etc. Madrid :
Nombre del editor, distribuidor, etc. Ateneo de Madrid,
Fecha de publicación, distribución, etc. 1981.
300 ## - DESCRIPCIÓN FÍSICA
Extensión 2 discos (CD-DA) (2 h. 4 min. 58 seg.) ;
Dimensiones 12 cm.
490 1# - MENCIÓN DE SERIE
Mención de serie Ciclo-encuesta sobre el actual sistema de gobierno en España
500 ## - NOTA GENERAL
Nota general Datos basados en invitación.
518 ## - NOTA DE FECHA/HORA Y LUGAR DE UN ACONTECIMIENTO
Nota de fecha/hora y lugar de un acontecimiento Acto organizado por la Sección de Ciencias Morales y Políticas del Ateneo de Madrid, grabado en el salón de actos el viernes 27 de marzo de 1981, a las 19:30 h.
610 24 - PUNTO DE ACCESO ADICIONAL DE MATERIA--NOMBRE DE ENTIDAD CORPORATIVA
Nombre de entidad corporativa o nombre de jurisdicción como elemento de entrada Ateneo de Madrid-
Subdivisión general Actos culturales-
Subdivisión cronológica 1981-
Subdivisión de forma Grabaciones sonoras.
9 (RLIN) 1893
650 14 - PUNTO DE ACCESO ADICIONAL DE MATERIA--TÉRMINO DE MATERIA
Término de materia o nombre geográfico como elemento de entrada Ideología.
9 (RLIN) 13544
651 #4 - PUNTO DE ACCESO ADICIONAL DE MATERIA--NOMBRE GEOGRÁFICO
Nombre geográfico España-
Subdivisión general Situación social.
9 (RLIN) 8506
700 1# - ENTRADA AGREGADA--NOMBRE PERSONAL
Nombre de persona Sotelo, Ignacio.
9 (RLIN) 107458
700 1# - ENTRADA AGREGADA--NOMBRE PERSONAL
Nombre de persona García San Miguel, Luis.
9 (RLIN) 55254
710 2# - ENTRADA AGREGADA--NOMBRE DE ENTIDAD CORPORATIVA
Nombre de entidad corporativa o nombre de jurisdicción como elemento de entrada Ateneo de Madrid.
Unidad subordinada Sección de Ciencias Morales y Políticas
9 (RLIN) 1985
830 0# - PUNTO DE ACCESO ADICIONAL DE SERIE-TÍTULO UNIFORME
Título uniforme Ciclo-encuesta sobre el actual sistema de gobierno en España
9 (RLIN) 176680
852 ## - LOCALIZACIÓN
Ubicación ES-MaACL
Número de control de estantería ROT 5/2/27
itemnumber 4637
Ubicación en estantería Rotativo
852 ## - LOCALIZACIÓN
Ubicación ES-MaACL
Número de control de estantería ROT 5/2/28
itemnumber 203569
Ubicación en estantería Rotativo
942 ## - ELEMENTOS DE ENTRADA SECUNDARIOS (KOHA)
Fuente del sistema de clasificación o colocación Clasificación decimal universal
Holdings
Estatus retirado Estado de pérdida Fuente del sistema de clasificación o colocación Estado de daño No para préstamo Colección Biblioteca de origen Biblioteca actual Ubicación en estantería Fecha de adquisición Total de préstamos Signatura topográfica completa Código de barras Visto por última vez Precio de reemplazo Tipo de ítem Koha
    Clasificación decimal universal     Archivo de la palabra Biblioteca del Ateneo de Madrid Biblioteca del Ateneo de Madrid Rotativo 17/01/2008   ROT 5/2/27 1004583 23/02/2023 23/02/2023 Archivo de ordenador en CD-ROM, CD o disquete
    Clasificación decimal universal     Archivo de la palabra Biblioteca del Ateneo de Madrid Biblioteca del Ateneo de Madrid Rotativo 17/01/2008   ROT 5/2/28   17/06/2024 23/02/2023 Archivo de ordenador en CD-ROM, CD o disquete